Death Sentence in 'Rarest of Rare Cases' 302 ? 303 IPC ? Pardon/ (Record no. 190790)

MARC details
000 -LEADER
fixed length control field 00516nam a22001697a 4500
005 - DATE AND TIME OF LATEST TRANSACTION
control field 20220804172412.0
010 ## - LCCN (DPL NO)
LC control number ENG-134270
020 ## - INTERNATIONAL STANDARD BOOK NUMBER
Terms of availability 350.00
035 ## - SYSTEM CONTROL NUMBER
System control number EN-117802
082 ## - DEWEY DECIMAL CLASSIFICATION NUMBER
Classification number 345.540773
100 ## - MAIN ENTRY--PERSONAL NAME
Personal name Garg,A.S.
245 ## - TITLE STATEMENT
Title Death Sentence in 'Rarest of Rare Cases' 302 ? 303 IPC ? Pardon/
Statement of responsibility, etc by A.S.Garg
260 ## - PUBLICATION, DISTRIBUTION, ETC. (IMPRINT)
Place of publication, distribution, etc Gurgaon
Name of publisher, distributor, etc Sandeep Publications
Date of publication, distribution, etc 2013
270 ## - ADDRESS
Address 584,Sector-15,Part-1,
City Gurgaon
Postal code 122001
300 ## - PHYSICAL DESCRIPTION
Extent 109p.:
Dimensions 22cm(Hb)
Other physical details ill
942 ## - ADDED ENTRY ELEMENTS (KOHA)
Source of classification or shelving scheme Dewey Decimal Classification
Item type English Books
Classification part 345.540773
Call number suffix GAR
Holdings
Withdrawn status Lost status Not for loan Collection code Home library Current library Date acquired Source of acquisition Cost, normal purchase price Full call number Barcode Copy number Cost, replacement price Koha item type
      Non-fiction Bawana Bawana 04/08/2022 DBAD/PUB 350.00 345.540773 GAR EN-117802 1 350.00 English Books

© Delhi Public Library
Hit Counter
free hit counter